000 00455nam a2200169 i 4500
001 bg
100 1 _aCZUDEK, Henryk
245 0 _aMosty tymczasowe /
_cH. Czudek, A.W. Błaszczykowski, A.J. Witkowski.
260 _aWarszawa,
_c1988.
700 1 _aBŁASZCZYKOWSKI, Andrzej Wojciech
700 1 _aWITKOWSKI, Aleksander Jacek
040 _cBPK
041 _apol
080 _a624.2/.8(075.8)
942 _cKS
008 s pl f |000 0 pol
999 _c3898
_d3898
856 _uhttp://koha.tu.koszalin.pl/cgi-bin/koha/opac-detail.pl?biblionumber=3898
_yKatalog online BPK